Statistics for Periodic Table Matching

Click here to take the quiz!

General Stats

  • This quiz has been taken 9 times
  • The average score is 31 of 118

Answer Stats

HintAnswer% Correct
13Aluminum
50%
95Americium
50%
89Actinium
38%
56Barium
38%
4Beryllium
38%
105Dubnium
38%
66Dysprosium
38%
31Gallium
38%
2Helium
38%
92Uranium
38%
51Antimony
25%
18Argon
25%
33Arsenic
25%
85Astatine
25%
97Berkelium
25%
83Bismuth
25%
107Bohrium
25%
5Boron
25%
35Bromine
25%
48Cadmium
25%
55Caesium
25%
20Calcium
25%
98Californium
25%
6Carbon
25%
58Cerium
25%
17Chlorine
25%
24Chromium
25%
27Cobalt
25%
112Copernicium
25%
29Copper
25%
96Curium
25%
110Darmstadtium
25%
99Einsteinium
25%
68Erbium
25%
63Europium
25%
100Fermium
25%
114Flerovium
25%
9Fluorine
25%
87Francium
25%
64Gadolinium
25%
32Germanium
25%
79Gold
25%
72Hafnium
25%
108Hassium
25%
67Holbium
25%
1Hydrogen
25%
49Indium
25%
53Iodine
25%
77Iridium
25%
26Iron
25%
36Krypton
25%
57Lanthanum
25%
103Lawrencium
25%
82Lead
25%
3Lithium
25%
116Livermorium
25%
71Lutetium
25%
12Magnesium
25%
25Manganese
25%
109Meitnerium
25%
101Mendelevium
25%
80Mercury
25%
42Molybdenum
25%
115Moscovium
25%
60Neodymium
25%
10Neon
25%
93Neptunium
25%
28Nickel
25%
113Nihonium
25%
41Niobium
25%
7Nitrogen
25%
102Nobelium
25%
118Oganesson
25%
76Osmium
25%
8Oxygen
25%
46Palladium
25%
15Phosphorus
25%
78Platinum
25%
94Plutonium
25%
84Pollonium
25%
19Potassium
25%
59Praseodymium
25%
91Protactinium
25%
88Radium
25%
86Radon
25%
75Rhenium
25%
45Rhodium
25%
111Roentgenium
25%
37Rubidium
25%
44Ruthenium
25%
104Rutherfordium
25%
62Samarium
25%
21Scandium
25%
106Seaborgium
25%
34Selenium
25%
14Silicon
25%
47Silver
25%
11Sodium
25%
38Strontium
25%
16Sulfur
25%
73Tantalum
25%
43Technetium
25%
52Tellurium
25%
117Tenessine
25%
65Terbium
25%
81Thallium
25%
90Thorium
25%
69Thulium
25%
50Tin
25%
22Titanium
25%
74Tungsten
25%
23Vanadium
25%
54Xenon
25%
70Ytterbium
25%
39Yttrium
25%
40Zirconium
25%
61Promethium
13%
30Zinc
13%

Score Distribution

Percentile by Number Answered

Percent of People with Each Score

Your Score History

You have not taken this quiz